[Event "Napoli Porreca Memorial 2nd"]
[Site "Napoli"]
[Date "2012.10.10"]
[Round "4"]
[White "Buonanno, Raffaele"]
[Black "Tesone, Crescenzo"]
[Result "0-1"]
[WhiteElo "1437"]
[BlackElo "1832"]
[PlyCount "104"]
[EventDate "2012.09.20"]
[EventType "swiss"]
[EventRounds "7"]
[EventCountry "ITA"]
[SourceTitle "EXT 2014"]
[Source "ChessBase"]
[SourceDate "2013.11.20"]
[SourceVersion "1"]
[SourceVersionDate "2013.11.20"]
[SourceQuality "1"]

1. d4 Nf6 2. c4 c5 3. d5 b5 4. b3 bxc4 5. bxc4 g6 6. Nc3 Bg7 7. e4 d6 8. Bb2 Nbd7 9. f3 Rb8 10. Rb1 Qa5 11. Qa4 Qxa4 12. Nxa4 0-0 13. Nh3 Ne5 14. Nf2 Ba6 15. Be2 Bxc4 16. Bxc4 Nxc4 17. 0-0 Nd2 18. Bxf6 Rxb1 19. Rxb1 Nxb1 20. Bxg7 Kxg7 21. g4 Rb8 22. Nd1 Rb4 23. Nac3 Nxc3 24. Nxc3 Rb2 25. h4 Rc2 26. Nb5 Rxa2 27. g5 a6 28. Nc3 Ra3 29. Ne2 Rxf3 30. Kg2 Re3 31. Nf4 Rxe4 32. Nh3 Rxh4 33. Nf2 Rd4 34. Kf3 a5 35. Ke3 Rxd5 36. Ke4 Re5+ 37. Kd3 Rxg5 38. Kc4 Rf5 39. Nd3 h5 40. Kb5 h4 41. Kxa5 h3 42. Kb6 h2 43. Kc7 c4 44. Nb4 c3 45. Nc6 Rc5 46. Kd7 Rxc6 47. Kxc6 Kf6 48. Kd7 h1R 49. Kc7 c2 50. Kd7 c1R 51. Ke8 Ke6 52. Kd8 Rh8# 0-1

[Event "Napoli Porreca Memorial 2nd"]
[Site "Napoli"]
[Date "2012.09.20"]
[Round "1"]
[White "Tesone, Crescenzo"]
[Black "Baccelliere, Antonio"]
[Result "1-0"]
[WhiteElo "1832"]
[BlackElo "1434"]
[PlyCount "97"]
[EventDate "2012.09.20"]
[EventType "swiss"]
[EventRounds "7"]
[EventCountry "ITA"]
[SourceTitle "EXT 2014"]
[Source "ChessBase"]
[SourceDate "2013.11.20"]
[SourceVersion "1"]
[SourceVersionDate "2013.11.20"]
[SourceQuality "1"]

1. Nc3 e5 2. Nf3 Nc6 3. d4 exd4 4. Nxd4 Bc5 5. Nxc6 bxc6 6. Ne4 Qe7 7. Nxc5 Qxc5 8. e4 Qb4+ 9. c3 Qxe4+ 10. Qe2 Qxe2+ 11. Bxe2 Nf6 12. 0-0 0-0 13. Bf3 Re8 14. Bf4 Rb8 15. b3 Rb7 16. c4 d5 17. Rad1 Bg4 18. Bxg4 Nxg4 19. cxd5 cxd5 20. Rxd5 Rc8 21. Rfd1 Kf8 22. Rd8+ Rxd8 23. Rxd8+ Ke7 24. Rc8 Kd7 25. Ra8 c5 26. h3 Nf6 27. Be3 Kc6 28. Rc8+ Rc7 29. Rxc7+ Kxc7 30. Bxc5 a6 31. f3 Nd5 32. Bd4 f6 33. a3 Kd6 34. g3 Ne7 35. Kf2 Nc6 36. Ke3 Nxd4 37. Kxd4 Kd7 38. b4 Kc6 39. a4 Kd6 40. f4 Ke6 41. g4 g6 42. h4 Kd6 43. f5 gxf5 44. gxf5 Kc6 45. h5 h6 46. b5+ axb5 47. axb5+ Kxb5 48. Kd5 Kb6 49. Ke6 1-0

[Event "Napoli Sociale-ch"]
[Site "Napoli"]
[Date "2012.07.05"]
[Round "6"]
[White "Tesone, Crescenzo"]
[Black "Pastore, Pietro"]
[Result "1-0"]
[WhiteElo "1841"]
[BlackElo "2015"]
[PlyCount "51"]
[EventDate "2012.05.31"]
[EventType "swiss"]
[EventRounds "7"]
[EventCountry "ITA"]
[SourceTitle "EXT 2018"]
[Source "ChessBase"]
[SourceDate "2017.10.13"]
[SourceVersion "1"]
[SourceVersionDate "2017.10.13"]
[SourceQuality "1"]

1. e4 e5 2. Nf3 Nc6 3. Bb5 f5 4. Nc3 fxe4 5. Nxe4 d5 6. Ng3 Bg4 7. h3 Bxf3 8. Qxf3 Nf6 9. 0-0 Bc5 10. d3 0-0 11. c3 Ne4 12. Nf5 Nd6 13. Qxd5+ Kh8 14. Qxc5 Rxf5 15. Bxc6 bxc6 16. Qxc6 Rb8 17. b3 Rb6 18. Qa4 Nb5 19. Qe4 Rbf6 20. Bb2 Qf8 21. Qe2 Rg6 22. f3 Rfg5 23. Rf2 Nd6 24. Ba3 Qe8 25. Kh2 Nf5 26. g4 1-0